[Event "POR-ch (Women)"]
[Site "Leiria"]
[Date "2022.09.15"]
[Round "4"]
[White "Oliveira, Maria Elisa Ramos"]
[Black "Silva, Mariana Sofia Teixe"]
[Result "0-1"]
[WhiteElo "1336"]
[BlackElo "1894"]
[PlyCount "66"]
[EventDate "2022.09.12"]
[EventType "swiss"]
[EventRounds "5"]
[EventCountry "POR"]
[SourceTitle "CBM 210 Extra"]
[Source "ChessBase"]
[SourceDate "2022.11.30"]
[SourceVersion "1"]
[SourceVersionDate "2022.11.30"]
[SourceQuality "1"]

1. d4 d5 2. Nf3 Nf6 3. e3 c5 4. Bd3 Nc6 5. b3 Bg4 6. Bb2 cxd4 7. exd4 e6 8. 0-0 Bd6 9. a3 0-0 10. Nbd2 Bc7 11. Qe1 Ne7 12. Ne5 Bf5 13. Qe2 Qd6 14. Ndf3 Bxd3 15. Qxd3 Ne4 16. Nc4 dxc4 17. Qxe4 cxb3 18. cxb3 Nd5 19. Rac1 Qf4 20. Qxf4 Bxf4 21. Rc4 Rfd8 22. Ne5 Bg5 23. Nd3 Rac8 24. f4 Bf6 25. Rfc1 Rb8 26. Kf2 h6 27. Kf3 g5 28. R1c2 Kg7 29. g3 g4+ 30. Ke4 h5 31. Nb4 Be7 32. Nd3 f5+ 33. Ke5 Kf7 0-1

[Event "POR-ch U14/20"]
[Site "Fatima"]
[Date "2022.04.13"]
[Round "6"]
[White "Duque, Raquel Dos Santos"]
[Black "Oliveira, Maria Elisa Ramos"]
[Result "1-0"]
[WhiteElo "1510"]
[BlackElo "1316"]
[PlyCount "63"]
[EventDate "2022.04.10"]
[EventType "swiss"]
[EventRounds "9"]
[EventCountry "POR"]
[SourceTitle "EXT 2023"]
[Source "ChessBase"]
[SourceDate "2022.10.05"]
[SourceVersion "1"]
[SourceVersionDate "2022.10.05"]
[SourceQuality "1"]

1. c4 e6 2. g3 d5 3. Bg2 Nf6 4. Nf3 b6 5. 0-0 Bb7 6. d3 Be7 7. Bf4 0-0 8. Nc3 a6 9. Qc2 Bd6 10. Bxd6 Qxd6 11. cxd5 exd5 12. d4 Nc6 13. e3 Ne7 14. Rfd1 c5 15. dxc5 Qxc5 16. Rac1 Qa5 17. Nd4 b5 18. Nf5 Nxf5 19. Qxf5 b4 20. Nxd5 Nxd5 21. Bxd5 Bxd5 22. Qxd5 Qa4 23. Rd4 Rab8 24. a3 a5 25. Rc5 Qe8 26. Rxa5 bxa3 27. bxa3 Qc8 28. Qd7 Qc1+ 29. Kg2 Rb2 30. Qe7 h6 31. Ra7 Rb1 32. Qxf8+ 1-0

[Event "POR-ch (Women)"]
[Site "Evora"]
[Date "2021.09.07"]
[Round "1"]
[White "Oliveira, Maria Elisa Ramos"]
[Black "Monteiro, Sara Cristina da Si"]
[Result "0-1"]
[WhiteElo "1287"]
[BlackElo "1662"]
[PlyCount "102"]
[EventDate "2021.09.07"]
[EventType "tourn"]
[EventRounds "6"]
[EventCountry "POR"]
[SourceTitle "EXT 2022"]
[Source "ChessBase"]
[SourceDate "2021.10.06"]
[SourceVersion "1"]
[SourceVersionDate "2021.10.06"]
[SourceQuality "1"]

1. d4 Nf6 2. Nf3 d5 3. e3 Bg4 4. Bd3 e6 5. a3 c5 6. b3 Nc6 7. Bb2 cxd4 8. exd4 Be7 9. 0-0 0-0 10. Nbd2 Rc8 11. Qe1 Qb6 12. Kh1 Bd6 13. Qe3 Ne7 14. Nh4 Qc7 15. h3 Bh5 16. Ndf3 Bf4 17. Qe1 Ne4 18. Bxe4 dxe4 19. Qxe4 Bxf3 20. Nxf3 Qxc2 21. Qxc2 Rxc2 22. Bc1 Bxc1 23. Raxc1 Rfc8 24. Rce1 R8c3 25. Rb1 Nf5 26. Kg1 Kf8 27. Rfd1 Nd6 28. d5 exd5 29. Rxd5 Ne4 30. Re1 Rc1 31. Re5 Rxe1+ 32. Nxe1 Nd2 33. Re3 Rxe3 34. fxe3 Nxb3 35. Kf2 a5 36. Ke2 Nc5 37. Kd2 Ke7 38. Kc3 b5 39. Nf3 f6 40. Nd4 Ne4+ 41. Kc2 Nd6 42. Nc6+ Ke6 43. Nxa5 Kd5 44. Kd3 f5 45. h4 h6 46. Nb3 Nc4 47. Nd4 Nd6 48. Kc3 Ke4 49. Kb4 f4 50. Nxb5 Nxb5 51. Kxb5 fxe3 0-1

[Event "Maia op 5th"]
[Site "Maia"]
[Date "2021.09.03"]
[Round "5"]
[White "Lacrosse, Marc"]
[Black "Oliveira, Maria Elisa Ramos"]
[Result "1-0"]
[WhiteElo "2056"]
[BlackElo "1287"]
[PlyCount "51"]
[EventDate "2021.08.30"]
[EventType "swiss"]
[EventRounds "7"]
[EventCountry "POR"]
[SourceTitle "CBM 204 Extra"]
[Source "ChessBase"]
[SourceDate "2021.11.30"]
[SourceVersion "1"]
[SourceVersionDate "2021.11.30"]
[SourceQuality "1"]

1. d4 Nf6 2. c4 e6 3. Nf3 b6 4. a3 Bb7 5. Nc3 d5 6. cxd5 Nxd5 7. Qc2 Nxc3 8. bxc3 Be7 9. e4 0-0 10. Bd3 c5 11. 0-0 Qc8 12. Qe2 cxd4 13. cxd4 Ba6 14. Rd1 Bxd3 15. Rxd3 Nd7 16. e5 Qb7 17. Bg5 Nb8 18. Rc1 Nc6 19. Qe4 Bxa3 20. Rxa3 Na5 21. Qxb7 Nxb7 22. Rc7 Na5 23. Bd2 Rfc8 24. Rxc8+ Rxc8 25. Bxa5 bxa5 26. Kf1 1-0

[Event "Maia op 5th"]
[Site "Maia"]
[Date "2021.09.02"]
[Round "4"]
[White "Oliveira, Maria Elisa Ramos"]
[Black "Santos, Luis Marinho"]
[Result "1-0"]
[WhiteElo "1287"]
[BlackElo "1392"]
[PlyCount "89"]
[EventDate "2021.08.30"]
[EventType "swiss"]
[EventRounds "7"]
[EventCountry "POR"]
[SourceTitle "CBM 204 Extra"]
[Source "ChessBase"]
[SourceDate "2021.11.30"]
[SourceVersion "1"]
[SourceVersionDate "2021.11.30"]
[SourceQuality "1"]

1. d4 d5 2. Nf3 Nf6 3. e3 e6 4. Bd3 c5 5. b3 Nc6 6. a3 Be7 7. Bb2 0-0 8. Nbd2 b6 9. 0-0 Bd7 10. Ne5 cxd4 11. exd4 Qc7 12. f4 Bd6 13. Rf3 Bxe5 14. fxe5 Ng4 15. Rg3 Nh6 16. Qh5 Nf5 17. Bxf5 exf5 18. Qxf5 Ne7 19. Qd3 Bc8 20. Rf1 g6 21. c4 Ba6 22. h4 h5 23. Rc1 Qd7 24. Rf1 Kh7 25. Rg5 Rac8 26. Rxh5+ Kg7 27. Rg5 Rc6 28. Rf4 Kh6 29. Rf6 Rxf6 30. exf6 Nf5 31. Qh3 Re8 32. Nf3 dxc4 33. h5 Re1+ 34. Kf2 Re2+ 35. Kxe2 Qe6+ 36. Kd1 Ne3+ 37. Kc1 Qxh3 38. gxh3 Bb7 39. hxg6 fxg6 40. Re5 Nf5 41. Ne1 cxb3 42. Re8 Nd6 43. Re7 a5 44. Rd7 Ne8 45. Rxb7 1-0

[Event "Pontevedra op-B 6th"]
[Site "Pontevedra"]
[Date "2018.08.09"]
[Round "2"]
[White "Oliveira, Maria Elisa Ramos"]
[Black "Oliveira, Maria Alice Ramos"]
[Result "0-1"]
[WhiteElo "1214"]
[BlackElo "1542"]
[PlyCount "68"]
[EventDate "2018.08.08"]
[EventType "swiss"]
[EventRounds "9"]
[EventCountry "ESP"]
[SourceTitle "CBM 186 Extra"]
[Source "ChessBase"]
[SourceDate "2018.08.24"]
[SourceVersion "1"]
[SourceVersionDate "2018.08.24"]
[SourceQuality "1"]

1. e4 c5 2. Nf3 d6 3. d4 cxd4 4. Nxd4 Nf6 5. Nc3 a6 6. a3 e5 7. Nb3 Be7 8. Be2 0-0 9. 0-0 Be6 10. Be3 Nbd7 11. Nd2 d5 12. exd5 Nxd5 13. Nxd5 Bxd5 14. Bf3 Bxf3 15. Qxf3 Qc7 16. c3 f5 17. Nb3 e4 18. Bf4 Qc4 19. Qd1 Nf6 20. Nd2 Qe6 21. Qb3 Qxb3 22. Nxb3 Rad8 23. Rad1 Rd5 24. Rxd5 Nxd5 25. Be5 Bf6 26. Bxf6 Rxf6 27. Nd4 g6 28. g3 Rb6 29. Rb1 Nxc3 30. Rc1 Nb5 31. Nxb5 Rxb5 32. Rc2 h6 33. Rd2 Kf7 34. Kg2 Ke6 0-1

[Event "Pontevedra op-B 6th"]
[Site "Pontevedra"]
[Date "2018.08.08"]
[Round "1"]
[White "Reboredo Martinez, Claudio"]
[Black "Oliveira, Maria Elisa Ramos"]
[Result "1-0"]
[WhiteElo "1786"]
[BlackElo "1214"]
[PlyCount "53"]
[EventDate "2018.08.08"]
[EventType "swiss"]
[EventRounds "9"]
[EventCountry "ESP"]
[SourceTitle "CBM 186 Extra"]
[Source "ChessBase"]
[SourceDate "2018.08.24"]
[SourceVersion "1"]
[SourceVersionDate "2018.08.24"]
[SourceQuality "1"]

1. e4 e5 2. Nf3 Nc6 3. Bc4 Bc5 4. c3 Nf6 5. d4 exd4 6. cxd4 Bb4+ 7. Nc3 0-0 8. Bg5 Be7 9. 0-0 h6 10. Bf4 d6 11. h3 b6 12. Qc2 Nb8 13. Rfd1 Ba6 14. Bb3 Nbd7 15. e5 Ne8 16. Rac1 Bb7 17. Bd5 Bxd5 18. Nxd5 c5 19. Nxe7+ Qxe7 20. exd6 Nxd6 21. dxc5 Ne8 22. c6 Nc5 23. b4 Ne6 24. Bd2 Rc8 25. b5 Nd6 26. Bb4 Rfd8 27. Qd2 1-0

[Event "Famalicao op 6th"]
[Site "Famalicao"]
[Date "2018.08.03"]
[Round "8"]
[White "Monteiro, Tomas Alexandre"]
[Black "Oliveira, Maria Elisa Ramos"]
[Result "0-1"]
[WhiteElo "1534"]
[BlackElo "1214"]
[PlyCount "108"]
[EventDate "2018.07.29"]
[EventType "swiss"]
[EventRounds "9"]
[EventCountry "POR"]
[SourceTitle "CBM 185 Extra"]
[Source "ChessBase"]
[SourceDate "2018.07.29"]
[SourceVersion "1"]
[SourceVersionDate "2018.07.29"]
[SourceQuality "1"]

1. e4 e5 2. Nf3 Nc6 3. Bb5 a6 4. Ba4 Nf6 5. Qe2 b5 6. Bb3 d6 7. h3 Be7 8. c3 0-0 9. 0-0 Na5 10. Bc2 c5 11. d3 Bb7 12. Rd1 Qc7 13. Nbd2 Nc6 14. Nf1 Nd8 15. Ng3 g6 16. Nh2 Ne6 17. Qf3 h5 18. Nhf1 Rad8 19. Ne3 Ng7 20. Bb3 a5 21. a3 Rc8 22. Bc2 Rcd8 23. Ngf1 d5 24. exd5 Nxd5 25. Nxd5 Bxd5 26. Qe2 Bd6 27. Ne3 Bc6 28. Bd2 Ne6 29. Nf1 Kh7 30. d4 Kg8 31. Bh6 Rfe8 32. d5 Nf4 33. Qf3 Bxd5 34. Rxd5 Nxd5 35. Qxd5 Bf8 36. Qf3 Bxh6 37. Qe2 c4 38. Re1 Qc5 39. Rd1 Rxd1 40. Qxd1 Qc7 41. Qe2 Rd8 42. a4 b4 43. cxb4 axb4 44. b3 cxb3 45. Bxb3 Qc3 46. Qa2 Rd7 47. a5 Bf8 48. a6 Bc5 49. Qa4 Re7 50. Qa2 Kg7 51. Bc4 f6 52. g3 Rd7 53. Be6 Rd1 54. a7 Qxg3+ 0-1

[Event "Famalicao op 6th"]
[Site "Famalicao"]
[Date "2018.07.31"]
[Round "4"]
[White "Viana, Eduardo Escudeiro"]
[Black "Oliveira, Maria Elisa Ramos"]
[Result "1-0"]
[WhiteElo "1573"]
[BlackElo "1214"]
[PlyCount "119"]
[EventDate "2018.07.29"]
[EventType "swiss"]
[EventRounds "9"]
[EventCountry "POR"]
[SourceTitle "CBM 185 Extra"]
[Source "ChessBase"]
[SourceDate "2018.07.29"]
[SourceVersion "1"]
[SourceVersionDate "2018.07.29"]
[SourceQuality "1"]

1. d4 Nf6 2. Nf3 e6 3. g3 b6 4. Bg2 Bb7 5. c4 Be7 6. Nc3 0-0 7. 0-0 d6 8. Qc2 Nbd7 9. e4 c5 10. e5 dxe5 11. dxe5 Ne8 12. Rd1 a6 13. Ne4 Qc7 14. Bf4 Bxe4 15. Qxe4 Rd8 16. Rd2 b5 17. b3 Nb6 18. Rad1 Rxd2 19. Rxd2 g6 20. h4 Ng7 21. Bg5 Bxg5 22. Nxg5 Nf5 23. cxb5 axb5 24. Nf3 Rc8 25. Bf1 b4 26. Bc4 Nxc4 27. Qxc4 Kg7 28. Kg2 h6 29. Kh3 Kh7 30. Rd3 Ra8 31. Qc2 Qa7 32. Rd2 Qc7 33. Qd1 Ra7 34. Qc2 Kg7 35. Qc4 Ra8 36. Qe4 Rc8 37. Qc4 Kh7 38. Qb5 Qc6 39. Qxc6 Rxc6 40. Rd7 Kg7 41. g4 Nd4 42. Nxd4 cxd4 43. Rxd4 Rc2 44. Kg3 Rxa2 45. Rxb4 Re2 46. Rb5 f5 47. Rb7+ Kf8 48. gxf5 gxf5 49. Rb5 Ke7 50. b4 Kd7 51. Rb7+ Kc6 52. Rh7 Rxe5 53. Rxh6 Kd6 54. Rg6 Rb5 55. h5 Rxb4 56. h6 Rb8 57. Kf4 Rh8 58. Kg5 Ke7 59. Rg7+ Kf8 60. Ra7 1-0

[Event "POR-ch U14"]
[Site "Luso"]
[Date "2018.03.28"]
[Round "7"]
[White "Santana, Mariana Peixoto"]
[Black "Oliveira, Maria Elisa Ramos"]
[Result "1-0"]
[WhiteElo "1105"]
[BlackElo "1185"]
[PlyCount "79"]
[EventDate "2018.03.24"]
[EventType "swiss"]
[EventRounds "7"]
[EventCountry "POR"]
[SourceTitle "EXT 2019"]
[Source "ChessBase"]
[SourceDate "2018.10.10"]
[SourceVersion "1"]
[SourceVersionDate "2018.10.10"]
[SourceQuality "1"]

1. e4 e5 2. Nf3 Nc6 3. Bc4 Bc5 4. 0-0 Nf6 5. d3 d6 6. h3 0-0 7. Bg5 Be6 8. Bb3 h6 9. Be3 Bb6 10. Nc3 a6 11. Qd2 Kh7 12. Bxb6 cxb6 13. d4 exd4 14. Nxd4 Bc8 15. Nf3 Qe7 16. Qd3 b5 17. e5+ g6 18. exf6 Qxf6 19. Rab1 Bf5 20. Qd2 g5 21. Nd5 Qg6 22. Ne3 Be4 23. Bd5 Ne5 24. Bxe4 Qxe4 25. Nxe5 dxe5 26. Qd3 Qxd3 27. cxd3 f6 28. g4 a5 29. Rbc1 Rf7 30. Rc2 b4 31. Rfc1 b6 32. Rc7 Kg6 33. R7c6 Rb7 34. Nd5 Rf7 35. Rxb6 Rd8 36. Ne3 Rxd3 37. Ra6 Rfd7 38. Kg2 Rd2 39. Nc4 R2d4 40. Nxe5+ 1-0

[Event "Guimaraes op"]
[Site "Guimaraes"]
[Date "2017.09.06"]
[Round "7"]
[White "Oliveira, Maria Elisa Ramos"]
[Black "Alves, Damiao Fernando"]
[Result "0-1"]
[WhiteElo "1231"]
[BlackElo "1360"]
[PlyCount "56"]
[EventDate "2017.09.02"]
[EventType "swiss"]
[EventRounds "7"]
[EventCountry "POR"]
[SourceTitle "CBM 180 Extra"]
[Source "ChessBase"]
[SourceDate "2017.10.06"]
[SourceVersion "1"]
[SourceVersionDate "2017.10.06"]
[SourceQuality "1"]

1. e4 c5 2. Nf3 e6 3. d4 cxd4 4. Nxd4 Nf6 5. Nc3 Nc6 6. Be2 Qc7 7. a3 a6 8. Be3 Be7 9. 0-0 0-0 10. Nb3 d6 11. f4 b5 12. Bf3 Bb7 13. Qe1 Rfd8 14. Qf2 Nd7 15. Rad1 Rac8 16. Qg3 Na5 17. Rc1 Nc4 18. Bf2 Bf6 19. Nd4 Nxb2 20. Nce2 Nc4 21. f5 e5 22. Nb3 a5 23. Qg4 a4 24. Na1 Nxa3 25. Bh4 Nc4 26. Bxf6 Nxf6 27. Qg3 Nd2 28. Rfd1 Ndxe4 0-1

[Event "Guimaraes op"]
[Site "Guimaraes"]
[Date "2017.09.03"]
[Round "4"]
[White "Faria, Rafael Manuel"]
[Black "Oliveira, Maria Elisa Ramos"]
[Result "0-1"]
[WhiteElo "1028"]
[BlackElo "1231"]
[PlyCount "54"]
[EventDate "2017.09.02"]
[EventType "swiss"]
[EventRounds "7"]
[EventCountry "POR"]
[SourceTitle "CBM 180 Extra"]
[Source "ChessBase"]
[SourceDate "2017.10.06"]
[SourceVersion "1"]
[SourceVersionDate "2017.10.06"]
[SourceQuality "1"]

1. e4 e5 2. Nf3 Nc6 3. Bc4 Bc5 4. d3 Nf6 5. 0-0 d6 6. Nbd2 a6 7. Re1 0-0 8. Nf1 Be6 9. Ng3 Na5 10. Bb3 Nxb3 11. axb3 Ba7 12. h3 Re8 13. c3 Nd7 14. Bg5 f6 15. Bd2 Rf8 16. c4 f5 17. Rf1 fxe4 18. Nxe4 Nf6 19. Bg5 Kh8 20. Bxf6 gxf6 21. d4 Rg8 22. d5 Bxh3 23. Re1 Bxg2 24. Kh2 f5 25. Neg5 Rxg5 26. Nxg5 Qxg5 27. Kg1 Bh3+ 0-1

[Event "Guimaraes op"]
[Site "Guimaraes"]
[Date "2017.09.02"]
[Round "1"]
[White "Oliveira, Maria Elisa Ramos"]
[Black "Ferreira, Hugo Miguel da Cost"]
[Result "0-1"]
[WhiteElo "1231"]
[BlackElo "2089"]
[PlyCount "34"]
[EventDate "2017.09.02"]
[EventType "swiss"]
[EventRounds "7"]
[EventCountry "POR"]
[SourceTitle "CBM 180 Extra"]
[Source "ChessBase"]
[SourceDate "2017.10.06"]
[SourceVersion "1"]
[SourceVersionDate "2017.10.06"]
[SourceQuality "1"]

1. e4 c5 2. Nf3 a6 3. d4 cxd4 4. Nxd4 Nf6 5. Nc3 e5 6. Nb3 Bb4 7. Bd2 0-0 8. Bd3 Nc6 9. 0-0 d5 10. f3 Be7 11. Ne2 dxe4 12. fxe4 a5 13. a4 Be6 14. c3 Qxd3 15. Ng3 Bxb3 16. Qxb3 Qxd2 17. Qxb7 Qd7 0-1

[Event "Famalicao op 5th"]
[Site "Famalicao"]
[Date "2017.08.05"]
[Round "9"]
[White "Mendes, Bruno Daniel"]
[Black "Oliveira, Maria Elisa Ramos"]
[Result "1-0"]
[WhiteElo "1393"]
[BlackElo "1132"]
[PlyCount "107"]
[EventDate "2017.07.29"]
[EventType "swiss"]
[EventRounds "9"]
[EventCountry "POR"]
[SourceTitle "EXT 2018"]
[Source "ChessBase"]
[SourceDate "2017.10.13"]
[SourceVersion "1"]
[SourceVersionDate "2017.10.13"]
[SourceQuality "1"]

1. e4 e5 2. Nf3 Nc6 3. Bc4 Bc5 4. c3 Nf6 5. d3 a6 6. Bb3 d6 7. Nbd2 Ne7 8. d4 exd4 9. cxd4 Bb4 10. Bc2 d5 11. e5 Ne4 12. 0-0 Nxd2 13. Bxd2 Bxd2 14. Qxd2 0-0 15. Rfe1 Bf5 16. Re3 Bxc2 17. Qxc2 Ng6 18. Rc1 c6 19. Rb3 Rb8 20. g3 Qd7 21. Qc5 Qg4 22. Kh1 Qd7 23. Rb6 Qe7 24. b4 Qxc5 25. bxc5 Rfe8 26. Rcb1 Re7 27. Rxa6 Rc7 28. Ra7 Kf8 29. Nd2 Ne7 30. Nb3 Nf5 31. g4 Nh4 32. a4 Ke7 33. Na5 Nf3 34. Rb4 f6 35. Kg2 Ng5 36. exf6+ Kxf6 37. Rbxb7 Rcxb7 38. Rxb7 Rxb7 39. Nxb7 Ne6 40. a5 Nxd4 41. a6 Nb5 42. Nd8 Na7 43. Kf3 Ke5 44. Nf7+ Kd4 45. Ng5 Kc3 46. Nxh7 d4 47. Ng5 d3 48. Ne4+ Kd4 49. Kf4 Kd5 50. h4 d2 51. Nxd2 Kxc5 52. h5 Kb6 53. g5 Kxa6 54. h6 1-0

[Event "Famalicao op 5th"]
[Site "Famalicao"]
[Date "2017.08.01"]
[Round "5"]
[White "Oliveira, Maria Elisa Ramos"]
[Black "Apolonia, Pedro Filipe Cristo"]
[Result "0-1"]
[WhiteElo "1132"]
[BlackElo "1564"]
[PlyCount "62"]
[EventDate "2017.07.29"]
[EventType "swiss"]
[EventRounds "9"]
[EventCountry "POR"]
[SourceTitle "EXT 2018"]
[Source "ChessBase"]
[SourceDate "2017.10.13"]
[SourceVersion "1"]
[SourceVersionDate "2017.10.13"]
[SourceQuality "1"]

1. e4 c5 2. Nf3 g6 3. d4 cxd4 4. Nxd4 Nc6 5. Nc3 Bg7 6. Be3 Nf6 7. Be2 0-0 8. 0-0 d5 9. Nxc6 bxc6 10. exd5 Nxd5 11. Nxd5 cxd5 12. c3 a5 13. Qd2 Ba6 14. Bxa6 Rxa6 15. Bh6 Bxh6 16. Qxh6 Qb6 17. Qd2 Rb8 18. b4 axb4 19. cxb4 Qxb4 20. Qxd5 Rba8 21. h3 e6 22. Rab1 Qf4 23. Qd7 Rxa2 24. Rb7 Rxf2 25. Rbb1 Raa2 26. Qc8+ Kg7 27. Qc3+ e5 28. Qc6 Rac2 29. Qd5 e4 30. Qd4+ Kh6 31. Kh1 Rxg2 0-1

[Event "Famalicao op 5th"]
[Site "Famalicao"]
[Date "2017.07.31"]
[Round "4"]
[White "Vale, Paulo Alfonso da Co"]
[Black "Oliveira, Maria Elisa Ramos"]
[Result "1/2-1/2"]
[WhiteElo "1775"]
[BlackElo "1132"]
[PlyCount "71"]
[EventDate "2017.07.29"]
[EventType "swiss"]
[EventRounds "9"]
[EventCountry "POR"]
[SourceTitle "EXT 2018"]
[Source "ChessBase"]
[SourceDate "2017.10.13"]
[SourceVersion "1"]
[SourceVersionDate "2017.10.13"]
[SourceQuality "1"]

1. c4 Nf6 2. Nc3 e6 3. g3 Bb4 4. Bg2 0-0 5. e4 d6 6. Nge2 Nbd7 7. 0-0 a6 8. d3 Bc5 9. h3 Ba7 10. d4 e5 11. Be3 Re8 12. Qc2 h6 13. Rad1 Qe7 14. b3 Nh7 15. Kh2 Ndf8 16. Nd5 Qd7 17. f4 c6 18. Ndc3 Qc7 19. Qc1 b5 20. cxb5 cxb5 21. Nd5 Qd7 22. Nc7 Bb7 23. Nxa8 exd4 24. Bxd4 Bxe4 25. Bxe4 Rxe4 26. Rf2 Bxd4 27. Nxd4 Qa7 28. Qd2 Qxa8 29. Nf5 Qa7 30. Nxd6 Re6 31. f5 Rxd6 32. Qxd6 Qxf2+ 33. Kh1 Qf3+ 34. Kh2 Qf2+ 35. Kh1 Qf3+ 36. Kh2 1/2-1/2

[Event "Gaia Profigaia op 17th"]
[Site "Vila Nova de Gaia"]
[Date "2017.06.15"]
[Round "3"]
[White "Pinto, Pedro Miguel Silvei"]
[Black "Oliveira, Maria Elisa Ramos"]
[Result "1-0"]
[WhiteElo "1410"]
[BlackElo "1137"]
[PlyCount "103"]
[EventDate "2017.06.14"]
[EventType "swiss"]
[EventRounds "7"]
[EventCountry "POR"]
[SourceTitle "CBM 179 Extra"]
[Source "ChessBase"]
[SourceDate "2017.08.23"]
[SourceVersion "1"]
[SourceVersionDate "2017.08.23"]
[SourceQuality "1"]

1. e4 e5 2. Nf3 Nc6 3. Bc4 Bc5 4. c3 Nf6 5. d3 0-0 6. b4 Bb6 7. a4 a6 8. Qb3 h6 9. Ba3 Ne7 10. Nxe5 Qe8 11. Nxf7 Rxf7 12. Bxf7+ Qxf7 13. Qxf7+ Kxf7 14. Nd2 Ng4 15. 0-0 d6 16. Nf3 Bd7 17. a5 Ba7 18. h3 Nf6 19. e5 dxe5 20. Nxe5+ Ke8 21. Nxd7 Kxd7 22. Bb2 g6 23. c4 Rf8 24. Rfe1 Nf5 25. Re2 Ng3 26. Re5 Re8 27. Rxe8 Nxe8 28. c5 Ne2+ 29. Kf1 Nf4 30. Be5 Nd5 31. Ke2 Nxb4 32. d4 Nc6 33. Bh8 Ke6 34. Kd3 Nf6 35. d5+ Nxd5 36. Re1+ Kd7 37. Ke4 Ncb4 38. Bd4 c6 39. f4 Nxf4 40. Rf1 Nxg2 41. Rf7+ Kc8 42. Rg7 Nh4 43. Bf2 g5 44. Rh7 Bxc5 45. Bxc5 Nd5 46. Rxh6 Ng2 47. Rg6 Nc3+ 48. Ke5 Nh4 49. Rg8+ Kd7 50. Rg7+ Kc8 51. Ke6 Ne4 52. Bb6 1-0

[Event "Gaia Profigaia op 9th"]
[Site "Vila Nova de Gaia"]
[Date "2016.06.26"]
[Round "5"]
[White "Oliveira, Maria Elisa Ramos"]
[Black "Castro, Joao Pedro Bastos"]
[Result "0-1"]
[WhiteElo "1105"]
[BlackElo "1489"]
[PlyCount "56"]
[EventDate "2016.06.24"]
[EventType "swiss"]
[EventRounds "7"]
[EventCountry "POR"]
[SourceTitle "EXT 2018"]
[Source "ChessBase"]
[SourceDate "2017.10.13"]
[SourceVersion "1"]
[SourceVersionDate "2017.10.13"]
[SourceQuality "1"]

1. e4 b6 2. d4 Bb7 3. Nc3 e6 4. Nf3 Bb4 5. Bd3 Nf6 6. Bg5 h6 7. Bh4 g5 8. Nxg5 hxg5 9. Bxg5 Be7 10. e5 Nd5 11. Bxe7 Qxe7 12. Nxd5 Bxd5 13. f3 Qh4+ 14. Kd2 Qxd4 15. c3 Qf2+ 16. Kc1 Qxg2 17. Be2 Rxh2 18. Rxh2 Qxh2 19. Kc2 Bxf3 20. Kd2 Bxe2 21. Qxe2 Qxe2+ 22. Kxe2 Nc6 23. Rh1 Ke7 24. b4 Nxe5 25. a4 a5 26. bxa5 Rxa5 27. Rh5 d6 28. Ke3 Nc4+ 0-1

[Event "Coimbra Queima das Fitas op"]
[Site "Coimbra"]
[Date "2016.04.25"]
[Round "7"]
[White "Oliveira, Maria Elisa Ramos"]
[Black "Inacio, Rafael Martim Tavar"]
[Result "0-1"]
[WhiteElo "1065"]
[BlackElo "1251"]
[PlyCount "82"]
[EventDate "2016.04.22"]
[EventType "swiss"]
[EventRounds "7"]
[EventCountry "POR"]
[SourceTitle "EXT 2018"]
[Source "ChessBase"]
[SourceDate "2017.10.13"]
[SourceVersion "1"]
[SourceVersionDate "2017.10.13"]
[SourceQuality "1"]

1. e4 e5 2. Nf3 Nc6 3. Bc4 Nf6 4. d3 h6 5. 0-0 Bc5 6. c3 a6 7. Nbd2 0-0 8. h3 d6 9. Bb3 Bd7 10. Re1 Nh5 11. Nf1 Nf4 12. Ng3 Bxh3 13. gxh3 Nxh3+ 14. Kg2 Qd7 15. Nf5 Nxf2 16. Qe2 Qd8 17. d4 exd4 18. cxd4 Nxd4 19. N3xd4 Bxd4 20. Nxd4 c5 21. Nf5 Qe8 22. Qxf2 Qb5 23. Rh1 Rfd8 24. Nxh6+ gxh6 25. Qg3+ Kf8 26. Bxh6+ Ke8 27. Qg8+ Kd7 28. Qxf7+ Kc8 29. Be6+ Kb8 30. Bg5 Qe2+ 31. Qf2 Qxe4+ 32. Kf1 Qxh1+ 33. Qg1 Qf3+ 34. Ke1 Qe4+ 35. Kd1 Qf3+ 36. Kc1 Kc7 37. Bxd8+ Rxd8 38. Qg7+ Kb8 39. Kd2 Qf4+ 40. Kd3 Qf3+ 41. Kc4 b5# 0-1

[Event "Coimbra Queima das Fitas op"]
[Site "Coimbra"]
[Date "2016.04.25"]
[Round "6"]
[White "Pipiras, Filipa Fortuna"]
[Black "Oliveira, Maria Elisa Ramos"]
[Result "1-0"]
[WhiteElo "1500"]
[BlackElo "1065"]
[PlyCount "73"]
[EventDate "2016.04.22"]
[EventType "swiss"]
[EventRounds "7"]
[EventCountry "POR"]
[SourceTitle "EXT 2018"]
[Source "ChessBase"]
[SourceDate "2017.10.13"]
[SourceVersion "1"]
[SourceVersionDate "2017.10.13"]
[SourceQuality "1"]

1. d4 Nf6 2. c4 e6 3. Nf3 b6 4. Nc3 Bb4 5. Qc2 0-0 6. a3 Bxc3+ 7. Qxc3 Bb7 8. g3 d6 9. Bg2 Nbd7 10. 0-0 c5 11. Rd1 Qe7 12. Bf4 d5 13. Rac1 Rac8 14. Qb3 Ne4 15. Ne5 Nxe5 16. dxe5 dxc4 17. Qxc4 f5 18. h4 Rcd8 19. f3 g5 20. hxg5 Nxg5 21. Bxg5 Qxg5 22. Qxe6+ Kh8 23. Kf2 f4 24. g4 Qh4+ 25. Kf1 Rxd1+ 26. Rxd1 Bc8 27. Qc6 Rg8 28. Rd6 Bxg4 29. fxg4 Qxg4 30. Qf3 Qf5 31. Qe4 Qg4 32. e6 Qg5 33. Rd5 Qg7 34. Qe5 Qxe5 35. Rxe5 Re8 36. e7 Kg7 37. Bc6 1-0

[Event "Coimbra Queima das Fitas op"]
[Site "Coimbra"]
[Date "2016.04.24"]
[Round "4"]
[White "Oliveira, Maria Elisa Ramos"]
[Black "Abreu, Goncalo"]
[Result "0-1"]
[WhiteElo "1065"]
[BlackElo "1435"]
[PlyCount "56"]
[EventDate "2016.04.22"]
[EventType "swiss"]
[EventRounds "7"]
[EventCountry "POR"]
[SourceTitle "EXT 2018"]
[Source "ChessBase"]
[SourceDate "2017.10.13"]
[SourceVersion "1"]
[SourceVersionDate "2017.10.13"]
[SourceQuality "1"]

1. e4 c5 2. Nf3 d6 3. d4 cxd4 4. Nxd4 a6 5. Nc3 e6 6. Be2 Nf6 7. 0-0 Bd7 8. Be3 Nc6 9. Nb3 Be7 10. f4 Qc7 11. Bf3 0-0 12. Qe1 Rac8 13. Qf2 b5 14. a3 b4 15. axb4 Nxb4 16. Bd4 e5 17. fxe5 dxe5 18. Bb6 Qb7 19. Rfd1 Be6 20. Na5 Qa8 21. Kh1 Nc6 22. Nxc6 Rxc6 23. Nb5 Qb7 24. Nd4 Rxb6 25. Nxe6 fxe6 26. b3 Qc7 27. Ra2 Nxe4 28. Qe2 Nc3 0-1